Guess these 10 Countries - Statistics

General Stats
  • This quiz has been taken 56 times
  • The average score is 10 of 10
Answers on the Map
Answers color-coded by a green-red scale on the quiz's map according to % correct below.
 
Answer Stats
Answer % Correct
Brazil
100%
China
100%
India
100%
Indonesia
100%
United States
98%
Bangladesh
96%
Japan
96%
Nigeria
96%
Russia
96%
Pakistan
92%
No matching quizzes found
Score Distribution
Percent of People with Each Score
Percentile by Number Answered
Your Score History
You have not taken this quiz